| 000 | 00623nam a2200217 a 4500 | ||
|---|---|---|---|
| 005 | 20240913063946.0 | ||
| 008 | 991125s1985 bar 000 0 spa u | ||
| 035 | _aUPN01000042277 | ||
| 049 | _aCG | ||
| 050 | 4 |
_aPN1048 E2.68 _b1985 |
|
| 100 | 1 |
_aEco, Umberto, _d1932-2016 _930161 |
|
| 245 | 1 | 0 |
_aObra abierta / _cUmberto Eco ; tr. Roser Berdagué |
| 260 |
_aBarcelona, Esp. : _bAriel, _c1985 |
||
| 300 | _a355 p | ||
| 440 | 0 |
_aAriel; _v16 |
|
| 650 | 4 |
_aPOETICA _91326 |
|
| 650 | 4 |
_aPOESIA MODERNA - _ySIGLO XX - _xHISTORIA Y CRITICA _91303 |
|
| 650 | 4 |
_aARTE - _xFILOSOFIA _92481 |
|
| 904 |
_aAC _b042279 |
||
| 905 | _aLibro | ||
| 999 |
_c42277 _d42277 |
||